|
|
|
|
| LEADER |
00000nam0a2200000 4500 |
| 001 |
34406 |
| 005 |
20231101210232.0 |
| 035 |
|
|
|a (RuTPU)RU\TPU\book\34800
|
| 035 |
|
|
|a BOOK00001451
|
| 090 |
|
|
|a 34406
|
| 100 |
|
|
|a 20011210d1983 m y0rusy50 ca
|
| 101 |
0 |
|
|a rus
|
| 102 |
|
|
|a RU
|
| 105 |
|
|
|a y j 000zy
|
| 200 |
1 |
|
|a Грунтоведение
|e учебное пособие
|f под ред. Е. М. Сергеева
|
| 205 |
|
|
|a 5-е изд., перераб. и доп.
|
| 210 |
|
|
|a Москва
|c Изд-во МГУ
|d 1983
|
| 215 |
|
|
|a 389 с.
|
| 606 |
1 |
|
|a Грунтоведение
|2 stltpush
|3 (RuTPU)RU\TPU\subj\8739
|9 36083
|
| 610 |
1 |
|
|a геология
|
| 610 |
1 |
|
|a осадочные породы
|
| 610 |
1 |
|
|a магматические породы
|
| 610 |
1 |
|
|a метаморфические породы
|
| 610 |
1 |
|
|a минеральный состав
|
| 610 |
1 |
|
|a структуры
|
| 610 |
1 |
|
|a текстуры
|
| 610 |
1 |
|
|a физико-механические свойства грунтов
|
| 610 |
1 |
|
|a физико-химические свойства грунтов
|
| 610 |
1 |
|
|a учебные пособия
|
| 675 |
|
|
|a 624.131(075.8)
|v 3
|
| 702 |
|
1 |
|a Сергеев
|b Е. М.
|g Евгений Михайлович
|
| 801 |
|
0 |
|a RU
|b 63413507
|c 20011210
|g PSBO
|
| 801 |
|
2 |
|a RU
|b 63413507
|c 20160304
|g PSBO
|
| 900 |
|
|
|a Грунтоведение
|
| 942 |
|
|
|c BK
|